M.I.A. Discography - Statistics

General Stats
  • This quiz has been taken 10 times
  • The average score is 24 of 74
Answer Stats
Hint Answer % Correct
Kala Paper Planes
100%
MAYA XXXO
83%
Matangi Bad Girls
67%
Kala Bird Flu
67%
AIM Borders
67%
Kala Boyz
67%
Arular Galang
67%
Kala Jimmy
67%
Matangi MATANGI
67%
Arular Sunshowers
67%
Kala XR2
67%
Arular 10 Dollar
50%
Kala 20 Dollar
50%
Arular Amazon
50%
Kala Bamboo Banga
50%
Matangi Boom
50%
Matangi Bring The Noize
50%
Kala Come Around
50%
Arular Fire, Fire
50%
Kala Hussel
50%
MAYA Internet Connection
50%
MAYA Teqkilla
50%
Matangi Y.A.L.A.
50%
Matangi aTENTion
33%
Arular Ba-na-na
33%
Arular Bingo
33%
MAYA Born Free
33%
Arular Bucky Done Gun
33%
MAYA Caps Lock
33%
Matangi Come Walk With Me
33%
Arular Dash The Curry
33%
Matangi Double Bubble Trouble
33%
Matangi Exodus
33%
MAYA Illygirl
33%
MAYA It Iz What It Iz
33%
Kala Mango Pickle Down River
33%
MAYA Meds And Feds
33%
Arular MIA
33%
Arular Pull Up The People
33%
Matangi Sexodus
33%
MAYA Steppin Up
33%
AIM Swords
33%
MAYA The Message
33%
Kala The Turn
33%
Arular URAQT
33%
Matangi Warriors
33%
Kala World Town
33%
MAYA Believer
17%
AIM Bird Song
17%
AIM Fly Pirate
17%
AIM Freedun
17%
Arular Hombre
17%
MAYA Lovalot
17%
Arular One For The Head
17%
MAYA Space
17%
MAYA Story To Be Told
17%
MAYA Tell Me Why
17%
AIM Ali r u ok?
0%
AIM A.M.P. (All My People)
0%
AIM Finally
0%
AIM Foreign Friend
0%
AIM Go Off
0%
MAYA It Takes A Muscle
0%
AIM Jump In
0%
Matangi Karmageddon
0%
Matangi Know It Ain't Right
0%
Matangi Lights
0%
Matangi Like This
0%
Matangi Only 1 U
0%
AIM Platforms
0%
AIM Survivor
0%
AIM Talk
0%
AIM The New International Sound
0%
AIM Visa
0%
No matching quizzes found
Score Distribution
Percent of People with Each Score
Percentile by Number Answered
Your Score History
You have not taken this quiz